Vista normal
Vista MARC
- Corte Ibáñez, Luis de la
Entrada Personal Name
Número de registros utilizados en: 1
001 - CONTROL NUMBER
- control field: 56762
003 - CONTROL NUMBER IDENTIFIER
- control field: OSt
005 - DATE AND TIME OF LATEST TRANSACTION
- control field: 20191112124148.0
008 - FIXED-LENGTH DATA ELEMENTS
- fixed length control field: 191112|| aca||aabn | a|a d
040 ## - CATALOGING SOURCE
- Original cataloging agency: OSt
- Transcribing agency: OSt
100 ## - HEADING--PERSONAL NAME
- Personal name: Corte Ibáñez, Luis de la
670 ## - SOURCE DATA FOUND
- Source citation: Work cat.: (OSt): Corte Ibáñez, Luis de la, La lógica del terrorismo